Noms de familles des personnages de TVD - Statistiques

Statistiques générales
  • Ce quiz a été pris 1 835 fois
  • Le résultat moyen est 8 sur 15
Statistiques - réponses
Hint Réponse % Correct
Damon Salvatore
99%
Stefan Salvatore
99%
Elena Gilbert
90%
Caroline Forbes
71%
Matt Donovan
69%
Bonnie Benett
68%
Tyler Lockwood
59%
Klaus Mikaelson
59%
Katherina Petrova
53%
Alaric Saltzman
44%
Jenna Sommers
30%
Isobel Flemming
17%
Meredith Fell
15%
Andie Star
8%
Luka Martin
5%
Aucun quiz correspondant
Distribution des résultats
% des personnes avec chaque résultat
Percentile par nombre de réponses
Votre historique - résultats
Vous n’avez pas pris ce quiz